000 00324nam a22001217a 4500
999 _c4478
_d4478
008 250225b ||||| |||| 00| 0 eng d
020 _a9789676117472
082 _a591.7554 VAU
100 _eVAUGHAN,JENNY
245 _aWHY DOWORMS DON'T HAVE LEGS?
260 _aGREAT BRITAIN
_bTICKTOCK ENTERTAINMENT LTD
_c2003
942 _2ddc